[Event "Landesklasse Ost 2011/2012"]
[Site "?"]
[Date "2011.03.04"]
[Round "7"]
[White "Weiß, Thomas"]
[Black "Sunderbrink, Heino"]
[Result "1-0"]
[WhiteElo "1920"]
[BlackElo "1926"]
[PlyCount "71"]
[EventDate "2011.??.??"]
[WhiteTeam "SSV Vimaria 91 Weimar"]
[BlackTeam "SV Medizin Erfurt"]

1. d4 d5 2. c4 e6 3. Nc3 Nf6 4. cxd5 exd5 5. Bg5 Be7 6. Qc2 c6 7. e3 O-O 8. Bd3
Nbd7 9. Nf3 Re8 10. O-O Nf8 11. h3 Ne4 12. Bf4 Ng5 13. Bxg5 Bxg5 14. b4 a6 15.
a4 Be7 16. b5 axb5 17. axb5 Be6 18. bxc6 bxc6 19. Rac1 Ba3 20. Rb1 c5 21. dxc5
Bxc5 22. Rfd1 Qe7 23. Bb5 Rec8 24. Qd3 Bb4 25. Nxd5 Bxd5 26. Qxd5 Ra5 27. Qd3
Rc3 28. Qe2 Qc5 29. Nd4 Ra8 30. Bd3 Qe7 31. Nf5 Qc5 32. Qg4 Ng6 33. Qxb4 Qxb4
34. Rxb4 Rd8 35. Rd4 Rb8 36. Bc4 1-0

[Event "Landesklasse Ost 2011/2012"]
[Site "?"]
[Date "2011.03.04"]
[Round "7"]
[White "Rost, Detlef"]
[Black "Vogel, Steffen"]
[Result "1/2-1/2"]
[WhiteElo "1860"]
[BlackElo "1804"]
[PlyCount "76"]
[EventDate "2011.??.??"]
[WhiteTeam "SV Medizin Erfurt"]
[BlackTeam "SSV Vimaria 91 Weimar"]

1. d4 d5 2. c4 c6 3. Nf3 Nf6 4. Nc3 e6 5. Bg5 Nbd7 6. e3 Qa5 7. Bxf6 Nxf6 8.
Bd3 Bd6 9. O-O O-O 10. Qc2 Re8 11. e4 dxe4 12. Nxe4 Nxe4 13. Bxe4 Qh5 14. Rfe1
Bd7 15. Ne5 Rad8 16. g3 Re7 17. c5 Bxe5 18. dxe5 Be8 19. Rad1 Red7 20. Rxd7
Rxd7 21. Kg2 h6 22. f4 g5 23. Bf3 g4 24. Be4 f6 25. exf6 Qf7 26. Qc3 Rc7 27.
Re2 Rd7 28. Bc2 Rd8 29. Bb3 Qh5 30. Bxe6+ Bf7 31. Bxf7+ Qxf7 32. Qe5 Qxa2 33.
Qe6+ Qxe6 34. Rxe6 Rd2+ 35. Kg1 Rxb2 36. f7+ Kxf7 37. Rxh6 a5 38. Rh8 a4
1/2-1/2

[Event "Landesklasse Ost 2011/2012"]
[Site "?"]
[Date "2011.03.04"]
[Round "7"]
[White "Stockum, René"]
[Black "Latka, Robert"]
[Result "1-0"]
[WhiteElo "1763"]
[BlackElo "1525"]
[PlyCount "97"]
[EventDate "2011.??.??"]
[WhiteTeam "SV Medizin Erfurt"]
[BlackTeam "SSV Vimaria 91 Weimar"]

1. d4 d5 2. c4 e6 3. Nc3 Nf6 4. Bg5 Nbd7 5. e3 Be7 6. Nf3 O-O 7. Rc1 b6 8. Qc2
Bb7 9. cxd5 Nxd5 10. Bxe7 Qxe7 11. Nxd5 Bxd5 12. e4 Bxa2 13. b3 Qb4+ 14. Nd2
Qa5 15. Bd3 c5 16. O-O cxd4 17. Nc4 Qc3 18. Qxc3 dxc3 19. Rxc3 b5 20. Nd2 Ne5
21. Bxb5 Rfd8 22. Nf3 Nxf3+ 23. gxf3 Rab8 24. Bc4 Rd2 25. Rfc1 g5 26. R1c2 Rbd8
27. Kf1 Rxc2 28. Rxc2 Bb1 29. Rc3 Kg7 30. Ke2 f5 31. Rc1 Bxe4 32. fxe4 Kf6 33.
Ra1 Rd7 34. Ra6 Re7 35. exf5 Kxf5 36. Ke3 Ke5 37. Ra5+ Kf6 38. Ke4 h5 39. Ra6
h4 40. f3 h3 41. Rd6 Re8 42. Rd7 Ra8 43. b4 a5 44. b5 a4 45. b6 Rc8 46. Rc7 Rb8
47. b7 a3 48. Ba2 e5 49. Bb3 1-0

[Event "Landesklasse Ost 2011/2012"]
[Site "?"]
[Date "2011.03.04"]
[Round "7"]
[White "Gebuhr, Günter"]
[Black "Stumm, Rainer"]
[Result "1-0"]
[WhiteElo "1750"]
[BlackElo "1587"]
[PlyCount "107"]
[EventDate "2011.??.??"]
[WhiteTeam "SSV Vimaria 91 Weimar"]
[BlackTeam "SV Medizin Erfurt"]

1. e4 e5 2. Nf3 Nc6 3. Bb5 a6 4. Ba4 d6 5. d4 Bd7 6. d5 Nce7 7. Bxd7+ Qxd7 8.
O-O g6 9. c4 f5 10. exf5 Nxf5 11. Nc3 Be7 12. Ng5 Bxg5 13. Bxg5 h6 14. Bd2 Nf6
15. f4 O-O-O 16. fxe5 dxe5 17. g4 Nxd5 18. cxd5 Nd4 19. Be3 Nb5 20. Rc1 Nxc3
21. Rxc3 Qxd5 22. Qxd5 Rxd5 23. Rf6 g5 24. Kg2 Rh7 25. Kf3 Rb5 26. b3 c6 27.
Rc5 e4+ 28. Kg3 Rxc5 29. Bxc5 h5 30. gxh5 Rxh5 31. Bb6 g4 32. Rd6 Rh8 33. Kxg4
e3 34. Bxe3 Rxh2 35. Bb6 Rh8 36. Kf5 c5 37. Ke6 Rh6+ 38. Kd5 Rh5+ 39. Kc4 Rh4+
40. Kxc5 Rh5+ 41. Rd5 Rh8 42. b4 Rg8 43. a4 Rh8 44. Rg5 Rf8 45. Kd5 Re8 46. Rg7
Rh8 47. Rf7 Rh5+ 48. Ke6 Rh6+ 49. Rf6 Rh8 50. Ke7 Rh7+ 51. Rf7 Rh8 52. Rf8+
Rxf8 53. Kxf8 Kb8 54. Ke7 1-0

[Event "Landesklasse Ost 2011/2012"]
[Site "?"]
[Date "2011.03.04"]
[Round "7"]
[White "Schmidt, Uwe"]
[Black "Anschütz, Mario"]
[Result "1/2-1/2"]
[WhiteElo "1980"]
[BlackElo "1809"]
[PlyCount "40"]
[EventDate "2011.??.??"]
[WhiteTeam "SV Medizin Erfurt"]
[BlackTeam "SSV Vimaria 91 Weimar"]

1. Nc3 e6 2. e4 d5 3. d3 d4 4. Nce2 c5 5. f4 Nc6 6. Nf3 Bd7 7. h3 Qc7 8. g4
O-O-O 9. Bg2 f6 10. Bd2 g5 11. fxg5 Bd6 12. O-O h5 13. gxh6 Nxh6 14. e5 Nxe5
15. Nxe5 Bxe5 16. Bf4 Rdg8 17. Bxe5 Qxe5 18. Nf4 f5 19. Qe1 Qf6 20. Qa5 Kb8
1/2-1/2

[Event "Landesklasse Ost 2011/2012"]
[Site "?"]
[Date "2011.03.04"]
[Round "7"]
[White "Stiefel, Marika"]
[Black "Willert, Hans-Jürgen"]
[Result "1/2-1/2"]
[WhiteElo "1389"]
[BlackElo "1504"]
[PlyCount "26"]
[EventDate "2011.??.??"]
[WhiteTeam "SSV Vimaria 91 Weimar"]
[BlackTeam "SV Medizin Erfurt"]

1. f4 d5 2. Nf3 Nf6 3. b3 g6 4. Bb2 Bg7 5. e3 O-O 6. Be2 c5 7. O-O Nc6 8. d3 b6
9. Qc1 Bb7 10. Ne5 Nd7 11. Nxc6 Bxc6 12. Bxg7 Kxg7 13. c4 dxc4 1/2-1/2

[Event "Landesklasse Ost 2011/2012"]
[Site "?"]
[Date "2011.09.18"]
[Round "1"]
[White "Sack, Matthias"]
[Black "Klebe, Jan"]
[Result "0-1"]
[WhiteElo "1972"]
[BlackElo "1930"]
[PlyCount "56"]
[EventDate "2011.??.??"]
[WhiteTeam "SV Hermsdorf"]
[BlackTeam "MTV 1876 Saalfeld"]

1. e4 d6 2. d4 g6 3. Nf3 Bg7 4. Nc3 a6 5. a4 b6 6. Bc4 e6 7. O-O Ne7 8. Bg5 h6
9. Bf4 g5 10. Bg3 Ng6 11. h3 h5 12. Ne1 Nf4 13. Qd2 Nc6 14. Nf3 Bh6 15. Rad1
Ng6 16. Qe2 g4 17. hxg4 hxg4 18. Nh2 e5 19. Bxf7+ Kxf7 20. Qc4+ Kg7 21. Qxc6
Bd7 22. Qc4 Bf4 23. Nd5 Rc8 24. dxe5 Bxe5 25. Bxe5+ Nxe5 26. Qc3 Rxh2 27. f4
Qh4 28. g3 Qh3 0-1

[Event "Landesklasse Ost 2011/2012"]
[Site "?"]
[Date "2011.09.18"]
[Round "1"]
[White "Liebisch, Dieter"]
[Black "Hadlich, Gerald"]
[Result "1/2-1/2"]
[WhiteElo "1963"]
[BlackElo "1839"]
[PlyCount "153"]
[EventDate "2011.??.??"]
[WhiteTeam "MTV 1876 Saalfeld"]
[BlackTeam "SV Hermsdorf"]

1. d4 f5 2. Nc3 Nf6 3. e4 fxe4 4. g4 d5 5. g5 Ng8 6. f3 Bf5 7. Bf4 e6 8. fxe4
dxe4 9. Qd2 Ne7 10. Bg2 Nd5 11. Nxe4 Nc6 12. Bg3 Be7 13. h4 a5 14. a3 O-O 15.
c3 a4 16. Qe2 Na5 17. Nh3 c6 18. Nhf2 b5 19. Nd2 Bd6 20. Bxd6 Qxd6 21. Qe5
Qxe5+ 22. dxe5 Ne3 23. Bf3 Nc2+ 24. Ke2 Nxa1 25. Rxa1 Rac8 26. h5 Rfd8 27. Rg1
Kf7 28. Be4 Bxe4 29. Nfxe4 Ke7 30. Nd6 Rxd6 31. exd6+ Kxd6 32. h6 Rg8 33. g6
gxh6 34. gxh7 Rh8 35. Rg7 Ke5 36. Rf7 Nc4 37. Nf3+ Kd6 38. Nh4 Ne5 39. Rg7 Kd5
40. Ke3 Nc4+ 41. Kd3 Ne5+ 42. Kc2 Kc4 43. Ng2 Kd5 44. b3 Ke4 45. Nh4 Kd5 46.
c4+ Kd4 47. cxb5 cxb5 48. Kb2 Nd3+ 49. Kc2 Ne5 50. bxa4 bxa4 51. Kb2 Rb8+ 52.
Ka2 Rh8 53. Ra7 Kd5 54. Ra5+ Kd6 55. Rxa4 Rxh7 56. Rd4+ Kc5 57. Re4 Kd5 58. Rf4
Nc4 59. Nf3 e5 60. Rh4 Ra7 61. Nh2 Rxa3+ 62. Kb1 Ra6 63. Ng4 e4 64. Rxh6 Rxh6
65. Nxh6 Kd4 66. Kc2 Ke3 67. Nf5+ Kf2 68. Kd1 Nd6 69. Nd4 e3 70. Ne2 Ne4 71.
Nf4 Nc3+ 72. Kc2 Kf3 73. Nd3 Ne4 74. Ne1+ Kf2 75. Nd3+ Kf1 76. Nf4 Nf2 77. Kc3
1/2-1/2

[Event "Landesklasse Ost 2011/2012"]
[Site "?"]
[Date "2011.09.18"]
[Round "1"]
[White "Pietzsch, Gerhard"]
[Black "Petzold, Thomas"]
[Result "1-0"]
[WhiteElo "1787"]
[BlackElo "1886"]
[PlyCount "93"]
[EventDate "2011.??.??"]
[WhiteTeam "SV Hermsdorf"]
[BlackTeam "MTV 1876 Saalfeld"]

1. e4 c5 2. Nf3 d6 3. d4 cxd4 4. Nxd4 Nf6 5. Nc3 a6 6. Be2 e6 7. Be3 b5 8. a3
Bb7 9. Bf3 Nbd7 10. g3 Ne5 11. Bg2 Nc4 12. Bc1 Be7 13. O-O O-O 14. Nb3 Rc8 15.
Nd2 d5 16. exd5 exd5 17. Nxc4 Rxc4 18. Qd3 Qd7 19. Ne2 Ne4 20. c3 Bf6 21. Be3
Re8 22. Rad1 g5 23. Bd4 Qe6 24. Bxf6 Qxf6 25. Nd4 Rc7 26. Rde1 Rce7 27. f3 Nd6
28. Rxe7 Rxe7 29. f4 Nc4 30. fxg5 Qxg5 31. Nf5 Re5 32. Rf4 Bc8 33. Rg4 Rxf5 34.
Rxg5+ Rxg5 35. Bxd5 Ne5 36. Qd2 Rf5 37. Be4 Bd7 38. Qh6 Ng4 39. Qd6 Re5 40.
Qxd7 Rxe4 41. Qc8+ Kg7 42. Kg2 h5 43. h3 Nf6 44. Kf3 Re6 45. c4 bxc4 46. Qxc4
Ne4 47. Qxe4 1-0

[Event "Landesklasse Ost 2011/2012"]
[Site "?"]
[Date "2011.09.18"]
[Round "1"]
[White "Krämer, Alexander"]
[Black "Plötner, Jens"]
[Result "1-0"]
[WhiteElo "1881"]
[BlackElo "1769"]
[PlyCount "43"]
[EventDate "2011.??.??"]
[WhiteTeam "MTV 1876 Saalfeld"]
[BlackTeam "SV Hermsdorf"]

1. d4 d5 2. c4 c6 3. cxd5 cxd5 4. Nc3 Nf6 5. Nf3 e6 6. Bf4 Bd6 7. Bg3 O-O 8. e3
Nc6 9. a3 a6 10. Rc1 Ne7 11. Bd3 Bxg3 12. hxg3 Ng6 13. Ne5 Bd7 14. g4 Ne4 15.
Nxe4 dxe4 16. Bxe4 f5 17. gxf5 Nxe5 18. fxe6 Bxe6 19. Bxh7+ Kf7 20. Qh5+ Ke7
21. Qxe5 Rc8 22. O-O 1-0

[Event "Landesklasse Ost 2011/2012"]
[Site "?"]
[Date "2011.09.18"]
[Round "1"]
[White "Hädrich, Dirk"]
[Black "Böhl, Dietmar"]
[Result "1-0"]
[WhiteElo "1766"]
[BlackElo "1851"]
[PlyCount "95"]
[EventDate "2011.??.??"]
[WhiteTeam "SV Hermsdorf"]
[BlackTeam "MTV 1876 Saalfeld"]

1. d4 Nf6 2. Nf3 g6 3. g3 Bg7 4. Bg2 d6 5. c3 O-O 6. Nbd2 Nc6 7. e4 e5 8. O-O
Bg4 9. Qc2 Qd7 10. Nb3 Rae8 11. Nh4 Bh3 12. d5 Ne7 13. f4 exf4 14. Bxf4 h6 15.
Bd2 g5 16. Nf3 Bxg2 17. Kxg2 Ng6 18. Rae1 c5 19. Bc1 Qg4 20. h3 Qd7 21. Ng1 Qa4
22. Nd4 Qxc2+ 23. Nxc2 Nxe4 24. c4 Be5 25. Rxe4 f5 26. Ree1 f4 27. Nf3 fxg3 28.
Nxe5 Rxf1 29. Rxf1 Rxe5 30. Kxg3 Kg7 31. b3 Re2 32. Rf2 Re4 33. Ne3 Nh4 34.
Nf5+ Nxf5+ 35. Rxf5 Kg6 36. Rf2 h5 37. Bb2 Re3+ 38. Kg2 h4 39. Bf6 a6 40. Bd8
b5 41. Bc7 bxc4 42. bxc4 Rg3+ 43. Kh2 Rc3 44. Bxd6 Rxc4 45. Rd2 Kf6 46. Kg2 Kf5
47. Be7 g4 48. d6 1-0

[Event "Landesklasse Ost 2011/2012"]
[Site "?"]
[Date "2011.09.18"]
[Round "1"]
[White "Pietsch, Karsten"]
[Black "Müller, Robert"]
[Result "1/2-1/2"]
[WhiteElo "1669"]
[BlackElo "1726"]
[PlyCount "60"]
[EventDate "2011.??.??"]
[WhiteTeam "SV Hermsdorf"]
[BlackTeam "MTV 1876 Saalfeld"]

1. d4 d5 2. c4 e6 3. Nc3 Nf6 4. Bg5 Be7 5. e3 O-O 6. Qc2 b6 7. cxd5 Nxd5 8.
Nxd5 exd5 9. Bxe7 Qxe7 10. Bd3 Qb4+ 11. Qd2 Qd6 12. Ne2 Nd7 13. O-O g6 14. Rac1
Bb7 15. Nc3 c6 16. f3 Rfe8 17. e4 dxe4 18. Bxe4 f5 19. Bc2 Nf6 20. Bb3+ Kg7 21.
Rfd1 Rad8 22. Qf2 Re7 23. d5 cxd5 24. Nb5 Qb8 25. Nd4 Rc8 26. Re1 Rxc1 27. Rxc1
Qe5 28. Rc2 Ne8 29. Re2 Qd6 30. Nb5 Qd7 1/2-1/2

[Event "Landesklasse Ost 2011/2012"]
[Site "?"]
[Date "2011.09.18"]
[Round "1"]
[White "Schneiderheinze, Roland"]
[Black "Hirsch, Ronny"]
[Result "1/2-1/2"]
[WhiteElo "1583"]
[BlackElo "1578"]
[PlyCount "54"]
[EventDate "2011.??.??"]
[WhiteTeam "MTV 1876 Saalfeld"]
[BlackTeam "SV Hermsdorf"]

1. d4 d5 2. c4 c6 3. Nc3 Nf6 4. Nf3 dxc4 5. e3 b5 6. a4 Nd5 7. axb5 Nxc3 8.
bxc3 cxb5 9. Ne5 Bb7 10. Rb1 Qa5 11. Nxc4 bxc4 12. Rxb7 Nd7 13. Rb4 Nb6 14. Bd2
e6 15. Rb1 Be7 16. Be2 O-O 17. O-O Rfc8 18. Bf3 Nd5 19. Ra1 Qb5 20. Qc2 a5 21.
Rfb1 Qa6 22. Ra4 Ra7 23. Qb2 g6 24. Qb5 Bd6 25. Qxa6 Rxa6 26. Bxd5 exd5 27. g3
Rb8 1/2-1/2

[Event "Landesklasse Ost 2011/2012"]
[Site "?"]
[Date "2011.09.18"]
[Round "1"]
[White "Mysliwiec, Jörg"]
[Black "Rauhut, Frank"]
[Result "1-0"]
[WhiteElo "1998"]
[BlackElo "1900"]
[PlyCount "79"]
[EventDate "2011.??.??"]
[WhiteTeam "SSV Vimaria 91 Weimar"]
[BlackTeam "SV Jenapharm Jena"]

1. b3 Nf6 2. Bb2 g6 3. c4 Bg7 4. g3 O-O 5. Bg2 d6 6. d4 Nbd7 7. Nf3 Re8 8. O-O
c6 9. Nc3 e5 10. dxe5 dxe5 11. Qc2 Qc7 12. Rad1 Nc5 13. Ba3 Bf5 14. Qc1 Bf8 15.
Nh4 Be6 16. Qb2 Rad8 17. Rc1 Ncd7 18. Nd5 Bxa3 19. Qxa3 Qb8 20. Nc3 a6 21. Rfd1
Nf8 22. Nf3 Qc7 23. Qc5 N8d7 24. Qd6 Qb8 25. Qd2 Kg7 26. Ng5 Bf5 27. e4 Bg4 28.
f3 Nf8 29. Qe3 Rxd1+ 30. Rxd1 Bc8 31. h4 h6 32. Nh3 Bxh3 33. Bxh3 Rd8 34. Rd3
Rxd3 35. Qxd3 Qe8 36. Qd6 N6d7 37. Nd1 Kg8 38. h5 g5 39. Ne3 Kg7 40. Nf5+ 1-0

[Event "Landesklasse Ost 2011/2012"]
[Site "?"]
[Date "2011.09.18"]
[Round "1"]
[White "Böhm, Christian"]
[Black "Scheitz, Michael"]
[Result "1/2-1/2"]
[WhiteElo "1813"]
[BlackElo "1890"]
[PlyCount "78"]
[EventDate "2011.??.??"]
[WhiteTeam "SV Jenapharm Jena"]
[BlackTeam "SSV Vimaria 91 Weimar"]

1. Nf3 d5 2. g3 Nf6 3. Bg2 Bf5 4. O-O e6 5. d3 h6 6. Nbd2 Be7 7. Qe1 O-O 8. e4
Bh7 9. Qe2 c5 10. Ne5 Nc6 11. Nxc6 bxc6 12. Kh1 Nd7 13. f4 Re8 14. Nf3 c4 15.
Ne5 cxd3 16. cxd3 Nxe5 17. fxe5 dxe4 18. Bxe4 Bxe4+ 19. Qxe4 Qd5 20. Qxd5 cxd5
21. Be3 a5 22. Rac1 Rec8 23. Rxc8+ Rxc8 24. Rc1 Rxc1+ 25. Bxc1 Bc5 26. Bd2 a4
27. Bc3 h5 28. Kg2 Kf8 29. Kf3 Ke8 30. Kf4 Be7 31. b4 axb3 32. axb3 Kd7 33. g4
hxg4 34. Kxg4 Kc6 35. h4 Kb5 36. h5 Bc5 37. Kf3 Bb4 38. Bb2 Bd2 39. Ba3 Bb4
1/2-1/2

[Event "Landesklasse Ost 2011/2012"]
[Site "?"]
[Date "2011.09.18"]
[Round "1"]
[White "Weiß, Thomas"]
[Black "Krabel, Stefan"]
[Result "0-1"]
[WhiteElo "1920"]
[BlackElo "1848"]
[PlyCount "32"]
[EventDate "2011.??.??"]
[WhiteTeam "SSV Vimaria 91 Weimar"]
[BlackTeam "SV Jenapharm Jena"]

1. d4 Nf6 2. c4 c6 3. Nf3 d5 4. cxd5 cxd5 5. Nc3 Nc6 6. Bf4 Bf5 7. e3 e6 8. Bb5
Nd7 9. Ne5 Ndxe5 10. Bxe5 Rc8 11. Qa4 a6 12. Bxc6+ Rxc6 13. b4 Be7 14. b5 Rc4
15. Qb3 f6 16. e4 fxe5 0-1

[Event "Landesklasse Ost 2011/2012"]
[Site "?"]
[Date "2011.09.18"]
[Round "1"]
[White "Thöle, Wolfgang"]
[Black "Vogel, Steffen"]
[Result "1-0"]
[WhiteElo "1941"]
[BlackElo "1804"]
[PlyCount "57"]
[EventDate "2011.??.??"]
[WhiteTeam "SV Jenapharm Jena"]
[BlackTeam "SSV Vimaria 91 Weimar"]

1. e4 e5 2. Nc3 d6 3. f4 Nf6 4. Nf3 Nbd7 5. d4 Qe7 6. fxe5 dxe5 7. Nb5 Qd8 8.
dxe5 Nxe4 9. Qd5 c6 10. Qxe4 cxb5 11. Bg5 Qb6 12. O-O-O h6 13. e6 Qxe6 14. Re1
Bd6 15. Qxe6+ fxe6 16. Rxe6+ Kf7 17. Rxd6 hxg5 18. Nxg5+ Ke7 19. Re6+ Kf8 20.
Bxb5 Nf6 21. Rd6 Bg4 22. h3 Rh5 23. h4 Rc8 24. Bd3 Re8 25. Bg6 Rxh4 26. Rxf6+
gxf6 27. Rxh4 Re1+ 28. Kd2 Rd1+ 29. Kc3 1-0

[Event "Landesklasse Ost 2011/2012"]
[Site "?"]
[Date "2011.09.18"]
[Round "1"]
[White "Mitter, Frank"]
[Black "Wolf, Isaak"]
[Result "1-0"]
[WhiteElo "1759"]
[BlackElo "1871"]
[PlyCount "119"]
[EventDate "2011.??.??"]
[WhiteTeam "SSV Vimaria 91 Weimar"]
[BlackTeam "SV Jenapharm Jena"]

1. d4 f5 2. c4 Nf6 3. Nf3 g6 4. Nc3 Bg7 5. g3 O-O 6. Bg2 d6 7. O-O Qe8 8. h3 e5
9. d5 h6 10. e3 g5 11. Bd2 Qg6 12. Rc1 g4 13. Nh2 h5 14. h4 Bh6 15. Qc2 Qf7 16.
Ne2 Ne8 17. c5 Na6 18. b4 Bd7 19. Qc4 b5 20. Qb3 Rd8 21. c6 Bc8 22. Rcd1 Ng7
23. Qa3 Rde8 24. Qa5 Nb8 25. Rfe1 a6 26. a4 bxa4 27. Qxa4 Qg6 28. Qc2 Qf6 29.
Bc3 Qf7 30. Bd2 Qf6 31. Nf1 Rf7 32. Qc4 Ref8 33. Ra1 Qd8 34. b5 axb5 35. Qxb5
f4 36. exf4 exf4 37. Bxf4 Bxf4 38. Nxf4 Rxf4 39. gxf4 Ba6 40. Rxa6 Nxa6 41.
Qxa6 Qxh4 42. Qc4 Qf6 43. Nh2 Qg6 44. Qe4 Qh6 45. Rb1 Rxf4 46. Rb8+ Rf8 47.
Rxf8+ Kxf8 48. Bf1 Qg5 49. Bd3 g3 50. Qf3+ Kg8 51. Qxg3 Qxd5 52. Qf3 Qg5+ 53.
Qg2 Qc1+ 54. Nf1 Qc5 55. Ne3 Kf8 56. Qf3+ Ke7 57. Nd5+ Ke6 58. Qe4+ Kf7 59.
Qe7+ Kg8 60. Nf6+ 1-0

[Event "Landesklasse Ost 2011/2012"]
[Site "?"]
[Date "2011.09.18"]
[Round "1"]
[White "Heunemann, Dieter"]
[Black "Latka, Robert"]
[Result "1-0"]
[WhiteElo "1861"]
[BlackElo "1580"]
[PlyCount "105"]
[EventDate "2011.??.??"]
[WhiteTeam "SV Jenapharm Jena"]
[BlackTeam "SSV Vimaria 91 Weimar"]

1. d4 d5 2. c4 e6 3. Nc3 Nf6 4. cxd5 exd5 5. Bg5 Nbd7 6. e3 Be7 7. Bd3 O-O 8.
Qc2 Re8 9. Nf3 Nf8 10. O-O Bg4 11. Ne5 Bh5 12. Qb3 Rb8 13. Rac1 c6 14. h3 Ng6
15. Nxg6 Bxg6 16. Bxg6 hxg6 17. Qd1 Qd7 18. Qf3 Kh7 19. Rfd1 Rh8 20. Rb1 Kg8
21. b4 Rh5 22. b5 cxb5 23. Bxf6 Bxf6 24. Rxb5 Rf5 25. Rxd5 Qc8 26. Rxf5 gxf5
27. Rc1 g6 28. Qd5 b5 29. Ne2 Qa6 30. Rc7 Rf8 31. Rc6 Qa5 32. Rxf6 Qe1+ 33. Kh2
Qxe2 34. Rxg6+ Kh7 35. Rg5 Qxf2 36. Qxf5+ Qxf5 37. Rxf5 a6 38. Rf6 Re8 39.
Rxf7+ Kg6 40. Rf3 a5 41. Kg1 b4 42. Kf1 a4 43. Ke2 b3 44. axb3 axb3 45. Rf1 Rc8
46. Rb1 Rc2+ 47. Kd3 Rxg2 48. Rxb3 Rh2 49. Rb6+ Kg5 50. Rb8 Rxh3 51. Rf8 Kg6
52. d5 Rh5 53. Kd4 1-0

[Event "Landesklasse Ost 2011/2012"]
[Site "?"]
[Date "2011.09.18"]
[Round "1"]
[White "Gebuhr, Günter"]
[Black "Jung, Florian"]
[Result "1/2-1/2"]
[WhiteElo "1742"]
[BlackElo "1819"]
[PlyCount "55"]
[EventDate "2011.??.??"]
[WhiteTeam "SSV Vimaria 91 Weimar"]
[BlackTeam "SV Jenapharm Jena"]

1. e4 c5 2. Nf3 d6 3. d4 cxd4 4. Nxd4 Nf6 5. Nc3 g6 6. Bc4 Bg7 7. f3 O-O 8. Be3
Nc6 9. Qd2 Bd7 10. O-O-O Rc8 11. Bb3 Ne5 12. g4 Rc5 13. h4 h5 14. gxh5 Nxh5 15.
Bh6 b5 16. Bxg7 Kxg7 17. f4 b4 18. fxe5 bxc3 19. bxc3 Rxe5 20. Nf5+ Bxf5 21.
exf5 Rxf5 22. Qd4+ Kg8 23. Qxa7 Rc5 24. Rhe1 e6 25. Qxc5 dxc5 26. Rxd8 Rxd8 27.
Re5 Rc8 28. Bc4 1/2-1/2

[Event "Landesklasse Ost 2011/2012"]
[Site "?"]
[Date "2011.09.18"]
[Round "1"]
[White "Vater, Rainer"]
[Black "Anschütz, Mario"]
[Result "1-0"]
[WhiteElo "1763"]
[BlackElo "1809"]
[PlyCount "137"]
[EventDate "2011.??.??"]
[WhiteTeam "SV Jenapharm Jena"]
[BlackTeam "SSV Vimaria 91 Weimar"]

1. e4 e6 2. Qe2 Be7 3. g3 d5 4. d3 Nf6 5. Bg2 O-O 6. Nd2 Nbd7 7. Nh3 c6 8. O-O
e5 9. b3 Bd6 10. Bb2 Re8 11. f3 Nf8 12. Nf2 Qc7 13. Rac1 b6 14. Rfe1 a5 15. a4
h6 16. Nf1 d4 17. Bh3 Ne6 18. Ng4 Nh7 19. Nf2 Bb7 20. Bg2 Rad8 21. Ra1 Qe7 22.
Nd2 Bb4 23. Rf1 b5 24. Nb1 bxa4 25. Rxa4 c5 26. Ra2 Ra8 27. Nd2 Nc7 28. Nc4 Nb5
29. Nd1 Ra6 30. Ba3 Nxa3 31. Nxa3 Bxa3 32. Rxa3 c4 33. Ra4 cxb3 34. cxb3 Bc6
35. Ra2 Rb8 36. Qc2 Qb7 37. Qc5 Qb5 38. Qc4 Rab6 39. Rc2 Be8 40. f4 Rc6 41.
Qxb5 Rxb5 42. Rb2 f6 43. fxe5 fxe5 44. Bh3 Bf7 45. Bd7 Rcb6 46. Bxb5 Rxb5 47.
Rc2 Nf6 48. Rc8+ Kh7 49. Rc7 Kg6 50. Nf2 Bxb3 51. Ra1 a4 52. Kg2 Ra5 53. Ra3
Ne8 54. Rc6+ Kf7 55. g4 Ke7 56. h4 Nd6 57. Rc7+ Kf8 58. g5 Nb5 59. gxh6 gxh6
60. Rc8+ Ke7 61. Ra1 a3 62. Ng4 Kd6 63. Nxh6 a2 64. Nf5+ Ke6 65. Rc6+ Kd7 66.
Rc5 Ke6 67. h5 Kd7 68. h6 Bg8 69. Rxe5 1-0

[Event "Landesklasse Ost 2011/2012"]
[Site "?"]
[Date "2011.09.18"]
[Round "1"]
[White "Brüggemann, Joachim"]
[Black "Zeuner, Ulrich"]
[Result "1-0"]
[WhiteElo "2276"]
[BlackElo "1949"]
[PlyCount "62"]
[EventDate "2011.??.??"]
[WhiteTeam "Erfurter Schachklub"]
[BlackTeam "SV Medizin Erfurt"]

1. e4 e5 2. Nf3 Nc6 3. Bb5 a6 4. Ba4 Nf6 5. O-O Be7 6. Re1 b5 7. Bb3 O-O 8. d4
Nxd4 9. Nxd4 exd4 10. e5 Ne8 11. Qxd4 Rb8 12. c4 d6 13. cxb5 Rxb5 14. Bf4 c5
15. Qd2 dxe5 16. Qxd8 Bxd8 17. Bxe5 Bf6 18. Na3 Rb4 19. Rac1 a5 20. Rxc5 a4 21.
Bc3 Rb8 22. Bxa4 Be6 23. Nc4 Be7 24. Rc6 Nf6 25. Bb3 Nd5 26. Be5 Rbc8 27. Rxc8
Rxc8 28. h3 Nb4 29. Bd6 Bxc4 30. Rxe7 Bxb3 31. axb3 Nd3 1-0

[Event "Landesklasse Ost 2011/2012"]
[Site "?"]
[Date "2011.09.18"]
[Round "1"]
[White "Sunderbrink, Heino"]
[Black "Krüger, Rainer"]
[Result "1-0"]
[WhiteElo "1926"]
[BlackElo "2122"]
[PlyCount "81"]
[EventDate "2011.??.??"]
[WhiteTeam "SV Medizin Erfurt"]
[BlackTeam "Erfurter Schachklub"]

1. Nf3 Nf6 2. g3 g6 3. b3 Bg7 4. Bb2 O-O 5. Bg2 d5 6. O-O c5 7. c4 dxc4 8. bxc4
Nc6 9. d3 Qb6 10. Qb3 Qxb3 11. axb3 Bg4 12. h3 Bd7 13. Ne5 Rfc8 14. Nxd7 Nxd7
15. Bxg7 Kxg7 16. Nc3 a6 17. f4 Rab8 18. Rfb1 Nd4 19. Ra2 b5 20. Rxa6 bxc4 21.
dxc4 e5 22. Ra7 Rd8 23. Bd5 exf4 24. gxf4 Nxb3 25. Ne4 Nd4 26. Rxb8 Nxb8 27.
Rxf7+ Kh6 28. Kf2 Rd7 29. Nxc5 Rxf7 30. Bxf7 g5 31. e3 Nf5 32. Kf3 Nc6 33. Be6
Nd6 34. Ne4 Nxe4 35. Kxe4 gxf4 36. exf4 Kg6 37. Kd5 Nb4+ 38. Kd6 Kf6 39. f5 Nc2
40. c5 Nd4 41. c6 1-0

[Event "Landesklasse Ost 2011/2012"]
[Site "?"]
[Date "2011.09.18"]
[Round "1"]
[White "Streltsyn, Grygoriy"]
[Black "Kube, Hannelore"]
[Result "1-0"]
[WhiteElo "2125"]
[BlackElo "1793"]
[PlyCount "97"]
[EventDate "2011.??.??"]
[WhiteTeam "Erfurter Schachklub"]
[BlackTeam "SV Medizin Erfurt"]

1. d4 d5 2. Nf3 e6 3. Bg5 Be7 4. Bxe7 Qxe7 5. c3 Nf6 6. Nbd2 Ne4 7. Qc2 Nxd2 8.
Qxd2 Nd7 9. e3 c6 10. Bd3 e5 11. dxe5 Nxe5 12. Nxe5 Qxe5 13. Qc2 Bg4 14. Bxh7
g6 15. Bxg6 Rxh2 16. Rg1 O-O-O 17. Bd3 d4 18. Be2 Bxe2 19. cxd4 Qa5+ 20. Kxe2
Qb5+ 21. Kd2 Qg5 22. Qe4 Rh6 23. b4 Re6 24. Qd3 Qf6 25. Raf1 Red6 26. Kc3 Qe6
27. Kb2 Qf6 28. g4 Kb8 29. Qf5 Qe7 30. a3 Rd5 31. Qc2 Rg8 32. Rg3 Rdg5 33. Rfg1
Qe6 34. Qb3 Qd7 35. Kc3 a5 36. f4 Rxg4 37. Rxg4 Rxg4 38. Rxg4 axb4+ 39. axb4
Qxg4 40. Qxf7 Qe2 41. Qf8+ Ka7 42. Qc5+ Kb8 43. d5 cxd5 44. Kd4 Qg2 45. b5 Qe4+
46. Kc3 Qe6 47. b6 d4+ 48. Kxd4 Qc4+ 49. Qxc4 1-0

[Event "Landesklasse Ost 2011/2012"]
[Site "?"]
[Date "2011.09.18"]
[Round "1"]
[White "Rost, Detlef"]
[Black "Troyke, Doreen"]
[Result "1/2-1/2"]
[WhiteElo "1860"]
[BlackElo "2079"]
[PlyCount "43"]
[EventDate "2011.??.??"]
[WhiteTeam "SV Medizin Erfurt"]
[BlackTeam "Erfurter Schachklub"]

1. d4 d5 2. c4 dxc4 3. Nf3 a6 4. a4 Nf6 5. e3 e6 6. Bxc4 c5 7. O-O Nc6 8. Qe2
Be7 9. Rd1 Qc7 10. Nbd2 O-O 11. Nb3 cxd4 12. exd4 b6 13. Bg5 Bb7 14. Rac1 Rfe8
15. Ne5 Nd5 16. Bxd5 exd5 17. Bf4 Bd6 18. Qf3 Rad8 19. Re1 Bxe5 20. dxe5 Qd7
21. Qg3 Re6 22. Qd3 1/2-1/2

[Event "Landesklasse Ost 2011/2012"]
[Site "?"]
[Date "2011.09.18"]
[Round "1"]
[White "Stockum, René"]
[Black "August, Christian"]
[Result "1/2-1/2"]
[WhiteElo "1763"]
[BlackElo "1942"]
[PlyCount "41"]
[EventDate "2011.??.??"]
[WhiteTeam "SV Medizin Erfurt"]
[BlackTeam "Erfurter Schachklub"]

1. d4 Nf6 2. c4 e6 3. Nc3 Bb4 4. Bg5 h6 5. Bxf6 Qxf6 6. Qb3 c5 7. e3 Nc6 8. Nf3
O-O 9. a3 Bxc3+ 10. Qxc3 d6 11. Rc1 e5 12. dxe5 dxe5 13. Bd3 Bf5 14. Nd2 Bxd3
15. Qxd3 Rad8 16. Qc2 Qe7 17. Ne4 f5 18. Nc3 Qg5 19. O-O f4 20. Ne4 Qe7 21.
Rfd1 1/2-1/2